Media Problems & Prospects (Record no. 532647)

MARC details
000 -LEADER
fixed length control field 00358nam a2200133Ia 4500
008 - FIXED-LENGTH DATA ELEMENTS--GENERAL INFORMATION
fixed length control field 100328s9999 xx 000 0 und d
082 ## - DEWEY DECIMAL CLASSIFICATION NUMBER
Item number 44365
100 ## - MAIN ENTRY--PERSONAL NAME
Personal name National Media Center
245 ## - TITLE STATEMENT
Title Media Problems & Prospects
260 ## - PUBLICATION, DISTRIBUTION, ETC. (IMPRINT)
Name of publisher, distributor, etc National Media Center
630 ## - SUBJECT ADDED ENTRY--UNIFORM TITLE
Uniform title Media Problems & Prospects
730 ## - ADDED ENTRY--UNIFORM TITLE
Uniform title Media Problems & Prospects
942 ## - ADDED ENTRY ELEMENTS (KOHA)
Koha item type Book
Holdings
Withdrawn status Lost status Damaged status Not for loan Home library Current library Date acquired Total Checkouts Barcode Date last seen Price effective from Koha item type
        Rantagiri (Dist.) Nagar Vachanalaya Rantagiri (Dist.) Nagar Vachanalaya 03/28/2010   RNV-44365 03/28/2010 03/28/2010 Book